4-Letter Countries Quiz Stats

 Plays Quiz Updated Mar 21, 2013

     
Support Sporcle.
Go Orange.
Score 0/10 Timer 02:00
17 Plays Today
Country % Correct
Peru
76%
Iran
71.5%
Iraq
71.3%
Chad
66%
Cuba
60.2%
Oman
58.2%
Fiji
57.6%
Mali
57.4%
Laos
57.2%
Togo
57.1%

From the Vault

James Bond Title Words per Letter

by sproutcm

Movies 90s
Kills a man in cold blood. Cracks joke.
Remove Ads.
Support Sporcle.
Get the best of Sporcle when you Go Orange. This ad-free experience offers more features, more stats, and more fun while also helping to support Sporcle. Thank you for becoming a member.

Show Comments

Extras

Top Quizzes Today


Score Distribution

Your Account Isn't Verified!

In order to create a playlist on Sporcle, you need to verify the email address you used during registration. Go to your Sporcle Settings to finish the process.

Report this User

Report this user for behavior that violates our Community Guidelines.

Details: